2000 1105 1667 1507 1709 1014 1850 1829 1267 1073 1972 1777 1665 1929 1324 1423 1188 1084 1165 1549 1561 1106 1023 1521 1316 1407 1469 1092 1581 1419 1667 1228 1371 1709 1904 1410 1822 1876 1451 1135 1992 1054 1726 1595 1167 1211 1857 1689 1753 1764 1656 1121 1689 1322 1393 1907 2000 1846 1108 1032 1454 1109 1684 1538 1195 1092 1475 1329 1210 1304 1109 1990 1172 1836 1276 1556 1111 1040 1463 1232 1881 1511 1539 1520 1492 1354 1035 1712 1178 1488 1415 1184 1710 1322 1805 1832 1880 1041 1182 BCNSPRNW ULIB Ver.6.0+V

เปลี่ยนเป็นภาษาไทย

Change to English
 แสดงรายละเอียดบรรณานุกรม
  กลับหน้าหลัก

Brief Record : Get Marc (ISO 2709) : E-mail record : QR code < ปิดหน้าต่าง
LEADER : 00000nam 2200000uu 4500
001    13399123923
003     ULIB
008    141214s2555||||th 000 0 tha d
020    ^a9786163210746
060  4 ^aWM190^bธ587ท
100    ^aธิติพันธ์ ธานีรัตน์
245    ^aทฤษฎีพื้นฐานเกี่ยวกับบุคลิกภาพผิดปกติในทางจิตเวช /^cธิติพันธ์ ธานีรัตน์
250    ^aพิมพ์ครั้งที่ 2
260    ^aกรุงเทพฯ:^bพุ่มทอง ,^c2555
300    ^a173 หน้า
650    ^aบุคลิกภาพผิดปกติในทางจิตเวช
945    ^p400^l0^i22644
999    ^aทศพร เกษรทอง
รายการนี้ยังไม่มีแท็ก
คุณยังไม่ได้ล็อกอิน คุณสามารถมีกิจกรรมร่วมกับเว็บไซต์ได้ แต่ต้องล็อกอินก่อน ::
  ล็อกอิน

รายการสื่อสารสนเทศ

ลำดับที่ ประเภท เลขเรียก/บาร์โค้ด สถานที่ สถานะ
1. วิทยาศาสตร์การแพทย์ และสุขภาพ
วิทยาศาสตร์การแพทย์ และสุขภาพ
สถานะ=หนังสือเก่า
WM190 ธ587ท ฉ.1 
  Barcode: 22644
ห้องสมุดวิทยาเขตนครสวรรค์
►ส่วนจัดเก็บหนังสือเก่า นว.
บนชั้น
  ขอยืม

รายการใกล้เคียง
    ผู้แต่ง [ธิติพันธ์ ธานีรัตน์]

    หัวเรื่อง [บุคลิกภาพผิดปกติในทางจิตเวช]

BibComment


ยังไม่เคยถูกคอมเมนท์

คอมเมนท์ทรัพยากรรายการนี้
  คอมเมนท์: ทฤษฎีพื้นฐานเกี่..


 Copyright 2026. Bcnsprnw @Library